00976 a2200169 4500003000500000005001700005010001600022020001700038040000900055082001800064100002100082245008200103260003700185300003600222505051700258650003100775Nust20221207183053.0 a 86015360 a0070561273 : cNust00a621.38153,SCO1 aScott, Donald E.13aAn introduction to circuit analysis :ba systems approach /cDonald E. Scott. aNew York :bMcGraw-Hill,cc1987. axviii, 730 p. :bill. ;c25 cm. aResistor Circuits(Page-1), The Basic Tools Of Circuits Analysis (Page-51), Signals (Page-81), Energy-Storage Elements (Page-115), System Equations (Page-167), Firs-Order Systems (Page-205), Second-Order Systems (Page-253), Operational Amplifiers (Page-311), State-Variable Analysis (Page-355), Systems With Sinusoidal Inputs (Page-397), Systems With Complex Exponential Inputs (Page-459), Two-Port Networks (Page-511), Fourier Series (Page-573), The Fourier Transform (Page-623), Laplace Transforms (Page-653).  0aElectric circuit analysis.